000 03063nam a2200349 a 4500
001 1515
003 BD-DhEWU
005 20140222230743.0
008 110604s1986 ilua g b 000 0 und d
020 _a0256033919
020 _a9780256033915
035 _a(OCLC)13674108
040 _aBD-DhEWU
_dBD-DhEWU
_beng
_cBD-DhEWU
041 _aeng
082 4 _a320.3
_bMAC 1986
100 1 _aMacridis, Roy C.
_94127
245 1 0 _aComparative politics :
_bnotes and readings /
_cRoy C. macridis, Bernard E.Brown.
250 _a6th ed.
260 _aChicago :
_bThe Dorsey Press,
_cc1986.
300 _axii, 602 p. :
_bill. ;
_c23 cm.
504 _aIncludes bibliographical references (p. 593-602).
505 _tTOC
_aHow we compare / John Stuart Mill -- The analysis of political systems / David Easton -- The crisis of the state / Karl W. Deutsch -- Will more countries become democratic? / Samuel P. Huntington -- Democracy in Africa / Richard Sklar -- The quest for economic democracy / M. Donald Hancock and John Logue -- The world political economy and the crisis of embedded liberalism / Robert O. Keohane -- On democracy and tyranny / Aristotle -- Notes on the theory of dictatorship / Franz L. Neumann -- Tensions in the bureaucratic-authoritarian state and the question of democracy / Guillermo O'Donnell -- Change in the Soviet political system / Roger F. Byrnes -- China's political evolution / Michael Oksenberg and Richard Bush -- Communist political cultures / Gabriel A. Almond -- The post-revolutionary phase in China and Russia / Richard Lowenthal -- Groups and group theory / Roy C. Macridis -- Interest groups and political parties / Howard J. Wiarda and Harvey F. Kline -- Political participation / Norman H. Nie and Sidney Verba -- The transformation of the Western European party systems / Otto Kirchheimer -- Democratic theory and neocorporatist practice / Philippe C. Schmitter -- Princes, parliaments, and the public service / Samuel E. Finer -- Legitimation crisis / Jürgen Habermas -- On the governability of democracies / Ralf Dahrendorf -- Preferential policies / Myron Weiner -- The idea of political development / Harry Eckstein -- The creation of knowledge and technique / David Landes -- The ethnocentrism of social science / Howard J. Wiarda -- The capitalist world-economy / Immanuel Wallerstein -- Modernization and dependency / J. Samuel Valenzuela and Arturo Valenzuela -- The underdevelopment of dependency theory / Tony Smith -- The anatomy of revolution / Crane Brinton -- Radicalism or reformism / Seymour Martin Lipset -- Revolution and anomie / Bernard E. Brown.
526 _aSociology
590 _aSaifun Momota
650 _a Comparative government
_94128
650 _aPolitical science
_94129
650 _aInstitutions politiques comparées.
_94130
655 _a
_94131
700 _aBrown, Bernard E.
_94132
856 _3WorldCat details
_uhttp://www.worldcat.org/title/comparative-politics-notes-and-readings/oclc/13674108&referer=brief_results
942 _cTEXT
_2ddc
999 _c1515
_d1515